<?xml version="1.0" encoding="UTF-8"?>
<record
    xmlns:xsi="http://www.w3.org/2001/XMLSchema-instance"
    xsi:schemaLocation="http://www.loc.gov/MARC21/slim http://www.loc.gov/standards/marcxml/schema/MARC21slim.xsd"
    xmlns="http://www.loc.gov/MARC21/slim">

  <leader>00782    a2200193   4500</leader>
  <controlfield tag="001">133034</controlfield>
  <datafield tag="020" ind1=" " ind2=" ">
    <subfield code="a">85-02-01634-2</subfield>
  </datafield>
  <datafield tag="040" ind1=" " ind2=" ">
    <subfield code="c">Leonardo Da Vinci</subfield>
  </datafield>
  <datafield tag="041" ind1=" " ind2=" ">
    <subfield code="a">Portugu&#xEA;s</subfield>
  </datafield>
  <datafield tag="082" ind1=" " ind2=" ">
    <subfield code="a">340.1 D612c</subfield>
    <subfield code="b">D612c</subfield>
  </datafield>
  <datafield tag="100" ind1=" " ind2=" ">
    <subfield code="a">DINIZ, Maria Helena</subfield>
  </datafield>
  <datafield tag="245" ind1=" " ind2=" ">
    <subfield code="a">Comp&#xEA;ndio de Introdu&#xE7;&#xE3;o &#xE0; Ci&#xEA;ncia do Direito</subfield>
  </datafield>
  <datafield tag="250" ind1=" " ind2=" ">
    <subfield code="a">10.ed</subfield>
  </datafield>
  <datafield tag="260" ind1=" " ind2=" ">
    <subfield code="b">Saraiva</subfield>
    <subfield code="c">1998</subfield>
    <subfield code="a">S&#xE3;o Paulo</subfield>
  </datafield>
  <datafield tag="300" ind1=" " ind2=" ">
    <subfield code="a">578</subfield>
  </datafield>
  <datafield tag="362" ind1=" " ind2=" ">
    <subfield code="a">19980000</subfield>
  </datafield>
  <datafield tag="697" ind1=" " ind2=" ">
    <subfield code="a">Direito Civil</subfield>
    <subfield code="a">Ci&#xEA;ncia jur&#xED;dica</subfield>
    <subfield code="a">Jusnaturalismo</subfield>
    <subfield code="a">Empirismo</subfield>
    <subfield code="a">Historicismo casu&#xED;stico</subfield>
    <subfield code="a">Positivismo sociol&#xF3;gico</subfield>
    <subfield code="a">Positivismo jur&#xED;dico</subfield>
    <subfield code="a">Racionalismo dogm&#xE1;tico</subfield>
    <subfield code="a">Normativismo jur&#xED;dico</subfield>
    <subfield code="a">Hans Kelsen</subfield>
    <subfield code="a">Culturalismo jur&#xED;dico</subfield>
    <subfield code="a">Conceitos jur&#xED;dicos</subfield>
    <subfield code="a">Direito positivo</subfield>
    <subfield code="a">Fontes jur&#xED;dicas</subfield>
    <subfield code="a">Norma jur&#xED;dica</subfield>
    <subfield code="a">Rela&#xE7;&#xE3;o jur&#xED;dica</subfield>
    <subfield code="a">Brasil</subfield>
    <subfield code="a">FIPEN</subfield>
  </datafield>
  <datafield tag="942" ind1=" " ind2=" ">
    <subfield code="c">BK</subfield>
  </datafield>
  <datafield tag="952" ind1=" " ind2=" ">
    <subfield code="0">0</subfield>
    <subfield code="1">0</subfield>
    <subfield code="4">0</subfield>
    <subfield code="7">0</subfield>
    <subfield code="a">71.1</subfield>
    <subfield code="b">71.1</subfield>
    <subfield code="d">2024-03-27</subfield>
    <subfield code="l">0</subfield>
    <subfield code="o">340.1 D612c</subfield>
    <subfield code="p">O008016</subfield>
    <subfield code="r">2024-03-27 22:32:26</subfield>
    <subfield code="w">2024-03-27</subfield>
    <subfield code="y">BK</subfield>
  </datafield>
  <datafield tag="999" ind1=" " ind2=" ">
    <subfield code="c">133034</subfield>
    <subfield code="d">133034</subfield>
  </datafield>
</record>
